00881 a2200181 45000010006000000050017000060080041000230030015000640400040000790800038001192450171001572500012003282640045003403000017003855050269004020410008006711000020006793187420260407155621.0260407a1969 arg spa dAR-UNSa-BCEJYS aAR-UNSa-BCEJYSbspacAR-UNSa-BCEJYS a323.37xFuncionarios (burocracia)10aEl fenómeno burocrático 1pensayo sobre las tendencias burocráticas de los sistemas de organización modernos y sus relaciones con el sistema social y cultural a2a. ed. 1aBuenos Aires :bAmorrortu Editoresc1969 a2 v.c20 cm. aVol.I: I. EL caso de la agence comptable de París - II: El caso del monopolio industrial - Vol. II: III: El feómeno burocrático desde el punto de vista de la teoría de la organización - IV: el fenómeno burocrático como fenómeno cultural francés. aspa1 aCrozier, Michel